| 000 | 00636nam a22001937a 4500 | ||
|---|---|---|---|
| 999 |
_c14908 _d14908 |
||
| 003 | AR-CdUCM | ||
| 008 | 190425b ||||| |||| 00| 0 spa d | ||
| 020 | _a978-607-404-820-9 | ||
| 040 |
_aMUNICIPALIDAD PROVINCIAL DEL CUSCO _cBIBLIOTECA MUNICIPAL DEL CUSCO |
||
| 082 |
_aPI / 376.1 / _bR87 |
||
| 110 |
_aRovio entertainment _933862 |
||
| 245 |
_aAngry birds : _bel nuevo amigo de red / |
||
| 260 |
_aMéxico : _bRovio books, _c2012. |
||
| 300 |
_a8 páginas ; _bIlustraciones, _c17 cm. |
||
| 650 |
_aLiteratura infantil _9588 |
||
| 700 |
_aCaballero, Samantha (traducción) _924667 |
||
| 942 |
_2ddc _cLIBROS |
||
| 945 |
_aacv _d2019-04-25 |
||